000 01212nam a22003257a 4500
005 20240923090048.0
008 140421s2017 xxuad fr 1 eng
020 _a9781975209353 (6a.Ed.)
020 _a9781496332219 (5a.Ed.)
020 _a9781609135072 (4a.Ed.)
020 _a683304178 (2a.Ed.)
040 _aCO-BoUCM
_bspa
_cSaul Niño (Modificó)
_dDavid Moreno (modificó)
041 0 0 _aeng
060 _aWB 555
245 0 0 _aConditions in occupational therapy
_ceditores Ruth A. Hansen, Ben Atchison
_beffect on occupational performance
250 _a6a. Ed
260 _aFiladelfia, Pensilvania
_bWolter Kluwer
_c2024
300 _axiv, 801 páginas
_bilustracionesa color, cuadros, gráficas
504 _aIncluye referencias bibliográficas e índices y glosario
546 _aTexto en inglés
650 7 _aRehabilitación
_9361
650 7 _aErgoterapia
_9178655
650 7 _aEnfermedades del sistema nervioso
_914383
650 7 _aTrastornos mentales
_925786
650 7 _aTerapia ocupacional
_vEstudio de casos
_976730
690 _aRehabilitación
_9361
700 1 _aAtchison, Ben
_959983
700 1 _aDirette, Diane K.
_959984
942 _cLIBRO
_a15
_e6
_mC745
_2NLM
_hWB 555
_n0
999 _c89835
_d89835